3, 4-methylenedioximethamphetamin reverses anxiety induced by chronic mild stress (Record no. 173432)

MARC details
000 -CABECERA
campo de control de longitud fija 02026nab a2200277 a 4500
005 - FECHA Y HORA DE LA ÚLTIMA TRANSACCIÓN
campo de control 20210219162302.0
008 - ELEMENTOS DE LONGITUD FIJA--INFORMACIÓN GENERAL
campo de control de longitud fija 991125s1985 mx 000 0 spa u
035 ## - NÚMERO DE CONTROL DEL SISTEMA
Número de control de sistema UPN01000201331
049 ## - COLECCIÓN
Colección ART
100 1# - ASIENTO PRINCIPAL--NOMBRE PERSONAL
Nombre de persona León A., Laura Andrea
100 1# - ASIENTO PRINCIPAL--NOMBRE PERSONAL
Filiación laurandrea@gmail.com
100 1# - ASIENTO PRINCIPAL--NOMBRE PERSONAL
Nombre de persona Cárdenas, Fernando P
100 1# - ASIENTO PRINCIPAL--NOMBRE PERSONAL
Filiación lucarden@uniandes.edu.co.
222 #0 - TÍTULO CLAVE
Título clave AVANCES EN PSICOLOGIA LATINOAMERICANA
245 00 - MENCIÓN DE TÍTULO
Título 3, 4-methylenedioximethamphetamin reverses anxiety induced by chronic mild stress
260 ## - PUBLICACIÓN, DISTRIBUCIÓN, ETC.
Lugar de publicación, distribución, etc. Bogotá, Colombia
300 ## - DESCRIPCIÓN FÍSICA
Extensión 266-278
362 0# - FECHAS DE PUBLICACIÓN Y/O DESIGNACIÓN SECUENCIAL
Fecha de publicación y/o designación secuencial 2013 Volumen 31, número 1
520 ## - NOTA DE RESUMEN, ETC.
Sumario, etc. Reportamos aquí los efectos de la administración subcrónica de 3, 4-metilendioximetanfetamina (MDMA) sobre el laberinto en cruz elevado, un modelo animal de ansiedad ampliamente utilizado. Las ratas fueron expuestas a un protocolo de estrés crónico moderado (MCS) y recibieron microinyecciones intra-cerebroventriculares del inhibidor selectivo de la recaptación de serotonina (SSRI)-fluoxetina (2,0 ug/ul) o de MDMA (0,2 ug/ul) durante siete días. En el octavo día las ratas fueron probadas en el laberinto en cruz elevado. Los resultados mostraron que la administración subcrónica de MDMA interactuó con el MCS, llevando a un decremento de los comportamientos relacionados con la ansiedad, incluyendo: porcentaje de entradas a los brazos abiertos (F 26] = 4.00; p = 0.031), el tiempo empleado explorando los brazos abiertos (F[2, 26] = 3.656; p = 0.040) y el tiempo empleado explorando las extremidades de los brazos abiertos (F[2, 26] 26] = 5.842; p = 0.008). Estos resultados sugieren un potencial efecto de MDMA en la reversión del significado emocional de los estímulos aversivos
653 0# - TERMINO DE INDIZACION - NO CONTROLADO
Término no controlado ESTRES CRONICO MODERADO
653 0# - TERMINO DE INDIZACION - NO CONTROLADO
Término no controlado ANSIEDAD
653 0# - TERMINO DE INDIZACION - NO CONTROLADO
Término no controlado LABERINTO EN CRUZ
856 4# - LOCALIZACIÓN Y ACCESO ELECTRÓNICOS
Identificador Uniforme del Recurso <a href="http://www.redalyc.org/articulo.oa?id=79928610021">http://www.redalyc.org/articulo.oa?id=79928610021</a>
856 4# - LOCALIZACIÓN Y ACCESO ELECTRÓNICOS
Identificador Uniforme del Recurso <a href="http://www.scielo.org.co/scielo.php?script=sci_arttext&pid=S1794-47242013000100021&lng=pt&nrm=iso&tlng=en">http://www.scielo.org.co/scielo.php?script=sci_arttext&pid=S1794-47242013000100021&lng=pt&nrm=iso&tlng=en</a>
905 ## - TIPO DE MATERIAL
Tipo de material Articulo

No items available.